Statistics for Can you name the top 10 most used search engines in 1 minute

Click here to take the quiz!

General Stats

  • This quiz has been taken 23 times
  • The average score is 5 of 10

Answer Stats

HintAnswer% Correct
most usedgoogle
100%
second most usedbing
90%
third most usedyahoo
81%
sixth most usedduckduckgo
57%
ninth most usedaol
33%
eighth most usedecosia
29%
seventh most usedask
24%
fifth most usedyandex
24%
fourth most usedbaidu
14%
tenth most usedinternet archive
14%

Score Distribution

Percentile by Number Answered

Percent of People with Each Score

Your Score History

You have not taken this quiz